Positive Effects of Microfinance in South and Southeast Asia

Gespeichert in:
Bibliographische Detailangaben
1. Verfasser: Daneshjo, Naqibullah, 1964-
Weitere Verfasser: Dudáš-Pajerská, Erika, 1988-, Petrovčiková, Katarína, 1977-
Format: Buchkapitel
Sprache:Englisch
Schlagworte:
Tags: Tag hinzufügen
Keine Tags, Fügen Sie das erste Tag hinzu!

MARC

LEADER 00000naa a2200000 4500
001 0262889
005 20240502074157.7
041 0 |a eng 
044 |a SK 
245 1 0 |a Positive Effects of Microfinance in South and Southeast Asia  |c Naqibullah Daneshjo, Erika Dudáš-Pajerská, Katarína Petrovčiková 
610 2 0 |a chudoba 
610 2 0 |a krajiny rozvojové 
610 2 0 |a financovanie 
610 2 0 |a Ázia 
100 1 |a Daneshjo, Naqibullah, 1964- 
700 1 |a Dudáš-Pajerská, Erika, 1988- 
700 1 |a Petrovčiková, Katarína, 1977-